La Biblia de las familias católicas, dispuesta para uso de los simples fieles con vista de las versiones de Carrieres, Sacq, ...

Detalles Bibliográficos
Formato: Libro
Publicado: s.l. 1855
Materias:
Colección:Banco de datos
Acervo:Biblioteca del Ex Convento de Nuestra Señora de Guadalupe. Zacatecas
Descripción Física:t. I
Tema general:Biblia
Notas:Regular. I,8,7(173). Presenta un ex libris manuscrito de fray J. D. Cabrera en la guarda. En la contraportada, obra impresa en Madrid por la viuda de Palacios e hijos. Sin marca de fuego
LEADER 00954nam a22001930004500
035 |a 39986 
036 |a 1170 
245 1 0 |a La Biblia de las familias católicas, dispuesta para uso de los simples fieles con vista de las versiones de Carrieres, Sacq, ...  |c adnot. Juan de Villaseñor y Acuña 
260 |a s.l.  |b ed. Angel Calleja, imp. librerías de Angel Calleja  |c 1855 
300 |a t. I 
500 |a Regular. I,8,7(173). Presenta un ex libris manuscrito de fray J. D. Cabrera en la guarda. En la contraportada, obra impresa en Madrid por la viuda de Palacios e hijos. Sin marca de fuego 
650 1 0 |a Biblia 
949 |a CRZ-CG 
959 |a Ex convento de Nuestra Señora de Guadalupe, Museo Regional de Zacatecas, Zacatecas  |b CCC4 
960 |a Convento de Nuestra Señora de Guadalupe, Zacatecas  |b DD87 
961 |a Franciscana  |b OF 
942 |c CRZ-CG 
943 |g Biblioteca del Ex Convento de Nuestra Señora de Guadalupe. Zacatecas 
999 |c 964113  |d 964113